000 00785nam a2200253 i 4500
001 8267
003 ES-MaACL
005 20250821063012.0
007 t|
008 920428s1991 sp ||||1| spa d
020 _a84-204-2609-1
080 _a84-311.1"19"
080 _a84(Tournier,M.7 M.03=6)
100 1 _aTournier, Michel,
_d1924-2016
_9111147
245 1 0 _aMedianoche de amor /
_cMichel Tournier ; traducción de Santiago Martín Bermúdez.
250 _a[1ª ed., 1ª reimp.].
260 _aMadrid :
_bAlfaguara,
_c1991.
300 _a240 p. ;
_c22 cm.
490 1 _aAlfaguara literaturas ;
_v332
700 1 _aMartín Bermúdez, Santiago.
_977416
830 0 _aAlfaguara literaturas ;
_v332
_9177847
852 _aES-MaACL
_jL-15712
999 _c8267
_d8267